Cam kết không sử dụng chất tạo nạc

Enregistré dans:
Détails bibliographiques
Auteur principal: Hà, Mi
Format: Livre
Langue:Undetermined
Sujets:
Accès en ligne:http://lrc.tdmu.edu.vn/opac/search/detail.asp?aID=2&ID=35220
Tags: Ajouter un tag
Pas de tags, Soyez le premier à ajouter un tag!
Thư viện lưu trữ: Trung tâm Học liệu Trường Đại học Thủ Dầu Một
LEADER 00549nam a2200145Ia 4500
001 TDMU_35220
008 210410s9999 xx 000 0 und d
082 |a 666.7 
100 |a Hà, Mi 
245 0 |a Cam kết không sử dụng chất tạo nạc 
245 0 |c Hà Mi 
300 |a Tr.35-37 
650 |a Nông - Lâm nghiệp; Chất tạo nạc; Chất cấm; Chăn nuôi; Đồng Nai 
856 |u http://lrc.tdmu.edu.vn/opac/search/detail.asp?aID=2&ID=35220 
980 |a Trung tâm Học liệu Trường Đại học Thủ Dầu Một